| 000 | 01398nam0a2200301 4500 | ||
|---|---|---|---|
| 001 | RU\NLR\bibl\386257 | ||
| 005 | 20250622155212.0 | ||
| 010 |
_a5-87237-323-6 _9100 |
||
| 021 |
_aRU _b2003-15268 _9713 |
||
| 035 | _a(NLR Aleph) 000380613 | ||
| 090 |
_a453203 _c453203 |
||
| 100 | _a20030407d2002 |||y0rusy50 ca | ||
| 101 | 0 | _arus | |
| 102 | _aRU | ||
| 105 | _ay ||||||||| | ||
| 200 | 1 |
_aСоциальные проблемы глазами молодых _eВсерос. молодеж. науч.-практ. конф., 19-20 апр. 2001 г. _eТез. докл. _f[Науч. ред.: Г. Д. Курманова] |
|
| 210 |
_aСыктывкар _cСыктывк. ун-т _d2002 (макет 2001) |
||
| 215 |
_a42 с. _d21 |
||
| 300 | _aВ надзаг.: М-во образования Рос. Федерации, Сыктывк. гос. ун-т, Фак. психологии и социал. работы, Ком. по делам молодежи Республики Коми | ||
| 606 | 0 |
_aМолодежь _jТезисы докладов _xСоциальное самочувствие _91630746 _3RU\NLR\auth\66720290 |
|
| 686 | _aС550.325.1я431 | ||
| 702 | 1 |
_aКурманова _bГ. Д. _4340 |
|
| 801 | 0 |
_aRU _bNLR _c20030407 _gPSBO |
|
| 801 | 1 |
_aRU _bNLR _c20030407 |
|
| 942 | _cBOOK | ||
| 980 | _aNB | ||